Pomaly, ale predsa

Podiel jadrovej energie na výrobe elektriny vo vybraných krajinách sveta. Krajiny s najväčším počtom reaktorov v prevádzke. V strednej Európe sa jadrový biznis môže cítiť pomerne komfortne, projekty sa však zadrhávajú. Oneskorenie v Mochovciach.

Salvato in:
Dettagli Bibliografici
Autore principale: Legéň, Marek
Natura: Capitolo di libro
Lingua:slovacco
Soggetti:
Tags: Aggiungi Tag
Nessun Tag, puoi essere il primo ad aggiungerne!!

MARC

LEADER 00000naa a2200000 4500
001 0162366
005 20231113080529.3
041 0 |a slo 
044 |a SK 
245 1 0 |a Pomaly, ale predsa  |c Marek Legéň 
520 |a Podiel jadrovej energie na výrobe elektriny vo vybraných krajinách sveta. Krajiny s najväčším počtom reaktorov v prevádzke. V strednej Európe sa jadrový biznis môže cítiť pomerne komfortne, projekty sa však zadrhávajú. Oneskorenie v Mochovciach. 
610 2 0 |a energia atómová 
610 2 0 |a reaktory 
610 2 0 |a svet 
610 2 0 |a Európa 
610 2 0 |a Slovensko 
100 1 |a Legéň, Marek